Emporium Exploring General Knowledge (Record no. 9494)

MARC details
000 -LEADER
fixed length control field 00261nam a2200121 4500
082 ## - DEWEY DECIMAL CLASSIFICATION NUMBER
Classification number 001 SAB
100 ## - MAIN ENTRY--AUTHOR NAME
Personal name Sabri, S.M
245 ## - TITLE STATEMENT
Title Emporium Exploring General Knowledge
250 ## - EDITION STATEMENT
Edition statement 2nd
260 ## - PUBLICATION, DISTRIBUTION, ETC. (IMPRINT)
Place of publication Lahore:
Year of publication 1993.
Name of publisher Emporium
300 ## - PHYSICAL DESCRIPTION
Number of Pages 361p. ;
942 ## - ADDED ENTRY ELEMENTS (KOHA)
Koha item type Books
Holdings
Withdrawn status Lost status Collection code Home library Current library Date acquired Cost, normal purchase price Full call number Accession Number Koha item type
    Reference Reference Section Reference Section 08/09/2014 180.00 SAB (Shelf-01A) 18176 Books